| 000 | 01258nam a22004094a 4500 | ||
|---|---|---|---|
| 001 | UByD003049 | ||
| 003 | AR-LpoUNG | ||
| 005 | 20240830115156.0 | ||
| 008 | 240809s2018||||ag abdo 000|0 spa d | ||
| 040 |
_aAR-LpoUNG _bspa _cAR-LpoUNG _eaacr |
||
| 041 | 0 | _aspa | |
| 082 | 0 | 4 |
_aR338.16 77atl _220 |
| 100 | 1 |
_aEspinoza Monrroy, Juan Pablo _eed. |
|
| 245 | 1 | 0 |
_a Atlas del agronegocio : _bdatos y hechos sobre la industria agrícola y de alimentos |
| 250 | _a1ra. ed. | ||
| 260 |
_aBuenos Aires: _bFundación Rosa Luxemburgo, _c2018. |
||
| 300 |
_a62 p. : _bil., gráfs., fot., mapas |
||
| 650 | 4 | _aAGROINDUSTRIA | |
| 650 | 4 | _aECONOMIA ALIMENTARIA | |
| 650 | 4 | _aINDUSTRIA ALIMENTARIA | |
| 650 | 4 | _aTECNOLOGIA ALIMENTARIA | |
| 650 | 4 | _aGENETICA AGRICOLA | |
| 650 | 4 | _aGENETICA VEGETAL | |
| 650 | 4 | _aORGANISMO MODIFICADO GENETICAMENTE | |
| 650 | 4 | _aBIOTECNOLOGIA | |
| 650 | 4 | _aCULTIVOS OLEAGINOSOS | |
| 650 | 4 | _aUTILIZACION DEL AGUA | |
| 650 | 4 | _aPROCESAMIENTO DE ALIMENTOS | |
| 650 | 4 | _aADITIVOS ALIMENTARIOS | |
| 650 | 4 | _aEMPRESAS TRASNACIONALES | |
| 650 | 4 | _aGRUPOS DE INTERESES | |
| 653 | 0 | _aSOJA | |
| 710 | 2 | _aFundación Heinrich Böll | |
| 710 | 2 | _aFundación Rosa Luxemburgo | |
| 905 | _a34639 | ||
| 942 |
_cLSALA _2ddc |
||
| 999 |
_c65640 _d65640 |
||